[Event "European Club Cup 2006"]
[Site "Fuegen AUT"]
[Date "2006.10.08"]
[Round "1.74"]
[White "Sokolov, Andrei"]
[Black "Bucinskas, Valdas"]
[Result "1-0"]
[WhiteElo "2580"]
[BlackElo "2336"]
[PlyCount "73"]
[EventDate "2006.10.08"]
[EventType "team"]
[EventRounds "7"]
[EventCountry "AUT"]
[Source "lmi"]
[SourceDate "2006.10.08"]

1. e4 c5 2. Nf3 d6 3. d4 cxd4 4. Nxd4 Nf6 5. Nc3 a6 6. f4 Qc7 7. Nf3 e6 8. Bd3
Nc6 9. Qe2 Nd7 10. O-O Be7 11. Nd1 b5 12. Nf2 Bb7 13. Be3 Bf6 14. c4 bxc4 15.
Bxc4 O-O 16. Rac1 Nb6 17. Bd3 Rfc8 18. Ng4 Bd8 19. Ng5 h6 20. Nxh6+ gxh6 21.
Qh5 hxg5 22. fxg5 Qd7 23. e5 Nxe5 24. Qh7+ Kf8 25. g6 Bf6 26. Rxf6 Nd5 27.
Rxf7+ Qxf7 28. Bh6+ Ke7 29. gxf7 Rxc1+ 30. Bxc1 Rf8 31. Bg5+ Kd7 32. Bg6 Ne7
33. Bh5 Nf5 34. Bh6 Nxh6 35. Qxh6 Ke7 36. Qg5+ Kd7 37. Qg7 1-0

[Event "European Club Cup 2006"]
[Site "Fuegen AUT"]
[Date "2006.10.08"]
[Round "1.75"]
[White "Mickevicius, Juras"]
[Black "Riff, Jean Noel"]
[Result "0-1"]
[WhiteElo "2273"]
[BlackElo "2445"]
[PlyCount "122"]
[EventDate "2006.10.08"]
[EventType "team"]
[EventRounds "7"]
[EventCountry "AUT"]
[Source "lmi"]
[SourceDate "2006.10.08"]

1. d4 Nf6 2. c4 e6 3. Nf3 Nc6 4. g3 Bb4+ 5. Bd2 Qe7 6. Bg2 Bxd2+ 7. Nbxd2 a5 8.
O-O O-O 9. Qc2 d6 10. Ne4 Re8 11. e3 Bd7 12. Nxf6+ Qxf6 13. Qc3 Rad8 14. e4 b6
15. e5 dxe5 16. dxe5 Qe7 17. a3 a4 18. Qe3 Na5 19. Qf4 Bc6 20. Rad1 h6 21. Nd2
Bxg2 22. Kxg2 Rd7 23. Nf3 Red8 24. Rxd7 Qxd7 25. Re1 c5 26. g4 Nb3 27. g5 h5
28. g6 fxg6 29. Qg5 Kh7 30. Nh4 Qe8 31. Re3 Rd4 32. Rg3 Rg4 33. Rxg4 hxg4 34.
Qxg4 Nd4 35. f4 Qc6+ 36. Nf3 Kg8 37. Kg3 Nf5+ 38. Kf2 Qe4 39. Ng5 Qd4+ 40. Ke1
Qxc4 41. Qd1 Nd4 42. h4 Qb5 43. h5 Qxb2 44. hxg6 Qh2 45. Qd3 Qg1+ 46. Kd2 Qf2+
47. Kd1 Qxf4 48. Qh3 Qxe5 49. Ne4 Qxe4 50. Qh7+ Kf8 51. Qh8+ Ke7 52. Qxg7+ Kd6
53. Qf8+ Kd5 54. Qa8+ Nc6 55. Qe8 Kc4 56. Qf7 Qg4+ 57. Kd2 Qg2+ 58. Ke3 Qg5+
59. Ke2 Nd4+ 60. Ke1 Qe3+ 61. Kf1 Qe2+ 0-1

[Event "European Club Cup 2006"]
[Site "Fuegen AUT"]
[Date "2006.10.08"]
[Round "1.76"]
[White "Hort, Vlastimil"]
[Black "Zickus, Simonas"]
[Result "1-0"]
[WhiteElo "2501"]
[BlackElo "2260"]
[PlyCount "105"]
[EventDate "2006.10.08"]
[EventType "team"]
[EventRounds "7"]
[EventCountry "AUT"]
[Source "lmi"]
[SourceDate "2006.10.08"]

1. Nf3 g6 2. e4 d6 3. d4 Nf6 4. Nc3 Bg7 5. Be2 O-O 6. O-O c6 7. a4 Qc7 8. a5 e5
9. Re1 Nbd7 10. Be3 Re8 11. Bc4 Nf8 12. h3 Ne6 13. Qd2 Nh5 14. b4 Nhf4 15. Bb3
Qe7 16. Bxe6 Nxe6 17. Rad1 Qf6 18. Ne2 Bf8 19. c4 c5 20. bxc5 exd4 21. Nfxd4
Nxc5 22. f3 Bd7 23. Nc3 Bc6 24. Bg5 Qg7 25. Ndb5 Ne6 26. Be3 a6 27. Nd4 Qe5 28.
Nd5 Bxd5 29. cxd5 Nc5 30. Rb1 Rec8 31. Nb3 Nd7 32. Rec1 Bg7 33. Bd4 Qe8 34.
Bxg7 Kxg7 35. Qd4+ Qe5 36. Kf2 Kf8 37. Qxe5 Nxe5 38. Ke2 Ke7 39. Nd2 Rxc1 40.
Rxc1 Kd8 41. Rb1 Kc7 42. Ke3 Rb8 43. Kd4 g5 44. g3 b6 45. f4 gxf4 46. gxf4 Ng6
47. Rc1+ Kd7 48. Rc6 bxa5 49. Nc4 Nxf4 50. Rxd6+ Ke7 51. Rxa6 Nxh3 52. Nxa5 Rb7
53. Nxb7 1-0

[Event "European Club Cup 2006"]
[Site "Fuegen AUT"]
[Date "2006.10.08"]
[Round "1.77"]
[White "Limontas, Martynas"]
[Black "Volke, Karsten"]
[Result "0-1"]
[WhiteElo "2306"]
[BlackElo "2478"]
[PlyCount "82"]
[EventDate "2006.10.08"]
[EventType "team"]
[EventRounds "7"]
[EventCountry "AUT"]
[Source "lmi"]
[SourceDate "2006.10.08"]

1. d4 Nf6 2. c4 e6 3. Nc3 Bb4 4. g3 O-O 5. Bg2 d5 6. Qb3 a5 7. a3 Bxc3+ 8. Qxc3
Nc6 9. Nf3 Ne4 10. Qc2 a4 11. Be3 f6 12. Rd1 Nd6 13. c5 Nc4 14. Bc1 b6 15. e4
Ba6 16. O-O N4a5 17. Rfe1 Bc4 18. exd5 Bxd5 19. Qc3 Rb8 20. Nh4 Nb3 21. Be3 b5
22. Bxd5 Qxd5 23. Ng2 g5 24. h4 Rbd8 25. Rd3 Nxc5 26. Rdd1 Ne4 27. Qc2 Rd6 28.
Re2 Rf7 29. Rde1 e5 30. Qb1 exd4 31. Bxg5 Nxg5 32. hxg5 fxg5 33. Qd3 Kg7 34.
Re8 Qf3 35. Qd2 Qf5 36. f4 Rg6 37. R1e4 Qc5 38. fxg5 Qxg5 39. Rf4 Rxf4 40. gxf4
Qf5 41. Kf2 Rxg2+ 0-1

[Event "European Club Cup 2006"]
[Site "Fuegen AUT"]
[Date "2006.10.08"]
[Round "1.78"]
[White "Kaenel, Hansjuerg"]
[Black "Chocenka, Dmitrijus"]
[Result "1-0"]
[WhiteElo "2388"]
[BlackElo "2272"]
[PlyCount "65"]
[EventDate "2006.10.08"]
[EventType "team"]
[EventRounds "7"]
[EventCountry "AUT"]
[Source "lmi"]
[SourceDate "2006.10.08"]

1. Nf3 Nf6 2. e3 g6 3. b4 Bg7 4. Bb2 O-O 5. c4 c6 6. d4 d5 7. a4 Bf5 8. Nbd2
Nbd7 9. Be2 Ne4 10. O-O a5 11. b5 Nxd2 12. Nxd2 cxb5 13. axb5 dxc4 14. Nxc4 b6
15. Bf3 Rc8 16. Rc1 Nf6 17. Ne5 Be4 18. Bxe4 Nxe4 19. Nc6 Qd7 20. Qd3 Nd6 21.
Rc2 Ra8 22. e4 Rfe8 23. Rd1 Nb7 24. Ba3 e6 25. Qf3 f6 26. e5 f5 27. d5 Bf8 28.
d6 Rec8 29. Ne7+ Bxe7 30. dxe7 Qe8 31. Rxc8 Qxc8 32. Qxb7 Qxb7 33. Rd8+ 1-0

[Event "European Club Cup 2006"]
[Site "Fuegen AUT"]
[Date "2006.10.08"]
[Round "1.79"]
[White "Lipskij, Valerij"]
[Black "Kuehn, Peter"]
[Result "0-1"]
[WhiteElo "2140"]
[BlackElo "2384"]
[PlyCount "56"]
[EventDate "2006.10.08"]
[EventType "team"]
[EventRounds "7"]
[EventCountry "AUT"]
[Source "lmi"]
[SourceDate "2006.10.08"]

1. b4 d5 2. Bb2 Bg4 3. Nf3 Nd7 4. g3 Ngf6 5. Bg2 e6 6. a3 c6 7. O-O a5 8. bxa5
Rxa5 9. d3 Qa8 10. Qc1 Be7 11. h3 Bh5 12. Re1 O-O 13. Nfd2 Qa7 14. e4 Ra8 15.
d4 Nxe4 16. Nxe4 dxe4 17. Bxe4 Nb6 18. c4 Na4 19. g4 Bg6 20. Bc3 Nxc3 21. Bxg6
Nxb1 22. Bxf7+ Kxf7 23. Qf4+ Kg8 24. Raxb1 Rf8 25. Qc7 Qxd4 26. Qxe7 Qxf2+ 27.
Kh1 Qf3+ 28. Kh2 Rxa3 0-1

[Event "European Club Cup 2006"]
[Site "Fuegen AUT"]
[Date "2006.10.08"]
[Round "1.80"]
[White "Brkic, Ante"]
[Black "Jones, Gawain C"]
[Result "0-1"]
[WhiteElo "2541"]
[BlackElo "2430"]
[PlyCount "104"]
[EventDate "2006.10.08"]
[EventType "team"]
[EventRounds "7"]
[EventCountry "AUT"]
[Source "lmi"]
[SourceDate "2006.10.08"]

1. Nf3 Nf6 2. g3 b5 3. Bg2 Bb7 4. c3 e6 5. Qb3 a6 6. a4 c5 7. d3 b4 8. O-O Nc6
9. e4 bxc3 10. bxc3 Rb8 11. Qc2 d6 12. Nbd2 Be7 13. Ba3 O-O 14. Rab1 Na5 15. d4
Qc7 16. dxc5 dxc5 17. Rfe1 Nd7 18. Bf1 Nb6 19. Ne5 Rfd8 20. Ndc4 Nbxc4 21. Nxc4
Bc6 22. Rxb8 Rxb8 23. Bc1 Nxc4 24. Bxc4 Qa5 25. Bf4 Rd8 26. Be5 Qxa4 27. Qxa4
Bxa4 28. Bxa6 Bb3 29. Bf1 g5 30. c4 Bd1 31. Kg2 g4 32. Be2 Bxe2 33. Rxe2 Bg5
34. h3 h5 35. hxg4 hxg4 36. f3 gxf3+ 37. Kxf3 Kh7 38. Ra2 Rd3+ 39. Kg4 Kg6 40.
Ra8 f6 41. Bc7 Re3 42. e5 f5+ 43. Kh3 f4 44. Bd6 Rxg3+ 45. Kh2 Rc3 46. Rg8+ Kf5
47. Rf8+ Kg4 48. Rg8 Rc2+ 49. Kg1 Kf5 50. Bxc5 Bh4 51. Ba7 Ke4 52. Re8 Kf3 0-1

[Event "European Club Cup 2006"]
[Site "Fuegen AUT"]
[Date "2006.10.08"]
[Round "1.81"]
[White "Tweedie, Steven"]
[Black "Fercec, Nenad"]
[Result "0-1"]
[WhiteElo "2239"]
[BlackElo "2504"]
[PlyCount "79"]
[EventDate "2006.10.08"]
[EventType "team"]
[EventRounds "7"]
[EventCountry "AUT"]
[Source "lmi"]
[SourceDate "2006.10.08"]

1. e4 e5 2. Nf3 Nc6 3. d4 exd4 4. Nxd4 Bc5 5. Be3 Qf6 6. Nb5 Bxe3 7. fxe3 Qe5
8. Nd2 Kd8 9. Nc3 Nf6 10. Bc4 d6 11. Qe2 Be6 12. O-O-O Kd7 13. Bd5 Nxd5 14. Nf3
Qxc3 15. bxc3 Nxc3 16. Qd3 Nxd1 17. Rxd1 Rad8 18. e5 Kc8 19. exd6 Rxd6 20. Qc3
Rxd1+ 21. Kxd1 f6 22. Nd4 Rd8 23. Kc1 Bd5 24. e4 Bxe4 25. Ne6 Rd5 26. Qg3 Re5
27. Nxg7 Nd4 28. Qh3+ f5 29. Qxh7 b6 30. Nxf5 Rxf5 31. Qh8+ Kb7 32. Qxd4 Bxg2
33. h4 Bf3 34. Qd3 Rf4 35. h5 Bxh5 36. Qd5+ Ka6 37. Qxh5 Rf6 38. Qd5 Rf4 39.
Qc6 Rf5 40. Qc4+ 0-1

[Event "European Club Cup 2006"]
[Site "Fuegen AUT"]
[Date "2006.10.08"]
[Round "1.82"]
[White "Golubovic, Boris"]
[Black "Kafka, Graeme"]
[Result "1-0"]
[WhiteElo "2442"]
[BlackElo "2136"]
[PlyCount "76"]
[EventDate "2006.10.08"]
[EventType "team"]
[EventRounds "7"]
[EventCountry "AUT"]
[Source "lmi"]
[SourceDate "2006.10.08"]

1. d4 e6 2. c4 Nf6 3. Nf3 b6 4. g3 Ba6 5. b3 Bb4+ 6. Bd2 Be7 7. Bg2 c6 8. Bc3
d5 9. Ne5 Nfd7 10. Nxd7 Nxd7 11. Nd2 O-O 12. O-O Rb8 13. e4 b5 14. Re1 dxc4 15.
bxc4 bxc4 16. Qa4 Bb5 17. Qc2 Ba3 18. Nb1 Be7 19. Nd2 Ba3 20. Nb1 Bd6 21. Nd2
e5 22. a4 Ba6 23. Rad1 Bb4 24. dxe5 Qa5 25. Bd4 Nxe5 26. f4 Nd3 27. Re2 Bc5 28.
Bxc5 Rb2 29. Qxc4 Bxc4 30. Bxf8 Qb6+ 31. Kf1 Ba6 32. Ba3 Ra2 33. Rb1 Nb2 34.
Bf3 Rxa3 35. Kg2 Bxe2 36. Bxe2 Qe3 37. Rxb2 Qxe2+ 38. Kh3 h5 1-0

[Event "European Club Cup 2006"]
[Site "Fuegen AUT"]
[Date "2006.10.08"]
[Round "1.83"]
[White "Purton, Ben"]
[Black "Bogut, Zeljko"]
[Result "0-1"]
[WhiteElo "2091"]
[BlackElo "2444"]
[PlyCount "41"]
[EventDate "2006.10.08"]
[EventType "team"]
[EventRounds "7"]
[EventCountry "AUT"]
[Source "lmi"]
[SourceDate "2006.10.08"]

1. e4 d5 2. exd5 Qxd5 3. Nc3 Qa5 4. d4 Nf6 5. Nf3 c6 6. Bc4 Bf5 7. Bd2 e6 8.
Qe2 Qc7 9. O-O-O Nbd7 10. Ne5 Nxe5 11. dxe5 Nd7 12. g4 Bg6 13. f4 O-O-O 14.
Rhf1 Nb6 15. Bb3 h6 16. f5 exf5 17. gxf5 Bh7 18. e6 Bg8 19. Bf4 Rxd1+ 20. Qxd1
Qe7 21. Ne4 0-1

[Event "European Club Cup 2006"]
[Site "Fuegen AUT"]
[Date "2006.10.08"]
[Round "1.84"]
[White "Zivkovic, Vjekoslav"]
[Black "Armstrong, Malcolm"]
[Result "1-0"]
[WhiteElo "2412"]
[BlackElo "2101"]
[PlyCount "110"]
[EventDate "2006.10.08"]
[EventType "team"]
[EventRounds "7"]
[EventCountry "AUT"]
[Source "lmi"]
[SourceDate "2006.10.08"]

1. e4 Nc6 2. Nc3 e6 3. d4 Bb4 4. a3 Bxc3+ 5. bxc3 d6 6. f4 Nf6 7. Bd3 e5 8. d5
Nb8 9. Nf3 exf4 10. Bxf4 Bg4 11. Rb1 b6 12. O-O Nbd7 13. Qd2 Bxf3 14. Rxf3 Qe7
15. Bg5 h6 16. Bxf6 Nxf6 17. Bb5+ Nd7 18. Rg3 f6 19. Rf1 Rf8 20. Qe2 a5 21. Bc6
Rd8 22. Qh5+ Qf7 23. Qg4 Rg8 24. Re3 Kf8 25. Bxd7 Qxd7 26. Qxd7 Rxd7 27. e5
dxe5 28. Rxe5 Re7 29. Rxe7 Kxe7 30. c4 Kd6 31. Re1 Kc5 32. Re7 Kxc4 33. Rxc7+
Kxd5 34. Kf2 f5 35. Rb7 Rc8 36. Rxb6 Rxc2+ 37. Kf3 g5 38. Rb5+ Rc5 39. Rb3 Kd4
40. Ke2 Rc2+ 41. Kf1 h5 42. Rb8 h4 43. Rd8+ Ke3 44. Re8+ Kf4 45. Ra8 h3 46.
gxh3 Rxh2 47. Rxa5 Rxh3 48. a4 Rh2 49. Rb5 Ra2 50. Rb4+ Kf3 51. Rb3+ Kg4 52.
Rb4+ f4 53. Rc4 Kg3 54. Rc5 g4 55. Rc3+ f3 1-0

[Event "European Club Cup 2006"]
[Site "Fuegen AUT"]
[Date "2006.10.08"]
[Round "1.90"]
[White "Couso, Luis"]
[Black "Corbin, Paul"]
[Result "1-0"]
[WhiteElo "2294"]
[BlackElo "2089"]
[PlyCount "61"]
[EventDate "2006.10.08"]
[EventType "team"]
[EventRounds "7"]
[EventCountry "AUT"]
[Source "lmi"]
[SourceDate "2006.10.08"]

1. e4 c5 2. Nf3 e6 3. d4 cxd4 4. Nxd4 a6 5. Bd3 Nf6 6. O-O Qc7 7. c4 Nc6 8. Nc2
Be7 9. Nc3 d6 10. f4 h5 11. Be2 Bd7 12. Be3 Na5 13. Na3 d5 14. exd5 Bxa3 15.
bxa3 Nxc4 16. Bxc4 Qxc4 17. Bd4 Nxd5 18. Ne4 Kf8 19. Rc1 Qa4 20. Qd2 b6 21. Qb2
Kg8 22. Nd6 Bb5 23. Rf2 Rd8 24. Nc8 f6 25. h3 Qa5 26. f5 e5 27. Bxe5 fxe5 28.
f6 gxf6 29. Qxe5 Be8 30. Rxf6 Nxf6 31. Qe7 1-0

[Event "European Club Cup 2006"]
[Site "Fuegen AUT"]
[Date "2006.10.08"]
[Round "1.91"]
[White "Kjartansson, David"]
[Black "Schlosser, Philipp"]
[Result "0-1"]
[WhiteElo "2288"]
[BlackElo "2554"]
[PlyCount "52"]
[EventDate "2006.10.08"]
[EventType "team"]
[EventRounds "7"]
[EventCountry "AUT"]
[Source "lmi"]
[SourceDate "2006.10.08"]

1. e4 e6 2. d4 d5 3. exd5 exd5 4. Nf3 Nc6 5. Bb5 Bd6 6. O-O Nge7 7. c4 dxc4 8.
d5 Nxd5 9. Re1+ Nde7 10. Bxc4 O-O 11. Ng5 Bf5 12. Nc3 Ne5 13. Bf1 N7c6 14. a3
Ng4 15. g3 Bc5 16. Nge4 Bb6 17. h3 Nge5 18. Kg2 Nd4 19. Bg5 Qd7 20. g4 Bg6 21.
Re3 f5 22. f4 Nf7 23. gxf5 Qxf5 24. Ng3 Qc2+ 25. Kh1 Nxg5 26. fxg5 Qf2 0-1

[Event "European Club Cup 2006"]
[Site "Fuegen AUT"]
[Date "2006.10.08"]
[Round "1.92"]
[White "Boensch, Uwe"]
[Black "Halldorsson, Halldor"]
[Result "1-0"]
[WhiteElo "2524"]
[BlackElo "2226"]
[PlyCount "67"]
[EventDate "2006.10.08"]
[EventType "team"]
[EventRounds "7"]
[EventCountry "AUT"]
[Source "lmi"]
[SourceDate "2006.10.08"]

1. d4 Nf6 2. c4 g6 3. Nc3 d5 4. Nf3 Bg7 5. Bg5 Ne4 6. Bf4 Nxc3 7. bxc3 O-O 8.
e3 c5 9. cxd5 Qxd5 10. Be2 Nc6 11. O-O cxd4 12. cxd4 e5 13. dxe5 Qa5 14. Qe1
Qa3 15. Bb5 Nb4 16. Nd4 a6 17. Bc4 Re8 18. Rb1 Bf8 19. Qe2 Qa5 20. Qf3 Ra7 21.
Bxf7+ Kxf7 22. e6+ Kg8 23. Bb8 Bxe6 24. Bxa7 Bd5 25. Qg3 Qd8 26. a3 Bd6 27. f4
Nd3 28. Bb6 Qf6 29. Nf3 Nc5 30. Qg5 Qe6 31. f5 Qxe3+ 32. Qxe3 Rxe3 33. Rfd1 Rd3
34. Ne1 1-0

[Event "European Club Cup 2006"]
[Site "Fuegen AUT"]
[Date "2006.10.08"]
[Round "1.94"]
[White "Deglmann, Ludwig"]
[Black "Olafsson, Thorvardur"]
[Result "1/2-1/2"]
[WhiteElo "2334"]
[BlackElo "2151"]
[PlyCount "81"]
[EventDate "2006.10.08"]
[EventType "team"]
[EventRounds "7"]
[EventCountry "AUT"]
[Source "lmi"]
[SourceDate "2006.10.08"]

1. g3 g6 2. Bg2 Bg7 3. c4 Nf6 4. Nc3 O-O 5. d3 d6 6. Bg5 c6 7. Qd2 a6 8. Nf3 b5
9. a3 bxc4 10. dxc4 Be6 11. Nd4 Bxc4 12. b3 Bd5 13. e4 c5 14. exd5 cxd4 15. Na4
Nbd7 16. O-O Rb8 17. b4 Nb6 18. Nxb6 Qxb6 19. Rad1 Rfc8 20. Rfe1 Rc7 21. Qxd4
Qxd4 22. Rxd4 Kf8 23. Bf1 Rc3 24. a4 Rb3 25. b5 axb5 26. Bxb5 h6 27. Be3 R3xb5
28. axb5 Rxb5 29. Red1 Kg8 30. Kg2 Nd7 31. Re4 Bf8 32. Ra4 Nb6 33. Bxb6 Rxb6
34. g4 f6 35. h4 Kf7 36. Rd3 Rb5 37. Kf3 Rb2 38. Ra8 Rb4 39. Kg3 Re4 40. f4 Re1
41. Ra2 1/2-1/2

[Event "European Club Cup 2006"]
[Site "Fuegen AUT"]
[Date "2006.10.08"]
[Round "1.95"]
[White "Gudmundsson, Stefan Freyr"]
[Black "Kleissl, Helmut"]
[Result "1/2-1/2"]
[WhiteElo "2113"]
[BlackElo "2320"]
[PlyCount "53"]
[EventDate "2006.10.08"]
[EventType "team"]
[EventRounds "7"]
[EventCountry "AUT"]
[Source "lmi"]
[SourceDate "2006.10.08"]

1. e4 g6 2. Nc3 Bg7 3. g3 c5 4. Bg2 Nc6 5. d3 e6 6. Be3 Nd4 7. Nce2 d5 8. exd5
exd5 9. Bxd4 cxd4 10. Nf3 Qb6 11. O-O Ne7 12. Re1 O-O 13. Nf4 Qd6 14. Re2 Bd7
15. Qd2 Nf5 16. Rae1 Bh6 17. Ne5 Be6 18. h4 Rfe8 19. Ng4 Bxf4 20. Nf6+ Kh8 21.
Nxe8 Bxd2 22. Nxd6 Bxe1 23. Nxf5 Bxf2+ 24. Kxf2 gxf5 25. Kf3 Kg7 26. Rf2 Rc8
27. Kf4 1/2-1/2

[Event "European Club Cup 2006"]
[Site "Fuegen AUT"]
[Date "2006.10.08"]
[Round "1.96"]
[White "Hoellrigl, Wilfried"]
[Black "Bjornsson, Sverrir Orn"]
[Result "1-0"]
[WhiteElo "2255"]
[BlackElo "2067"]
[PlyCount "113"]
[EventDate "2006.10.08"]
[EventType "team"]
[EventRounds "7"]
[EventCountry "AUT"]
[Source "lmi"]
[SourceDate "2006.10.08"]

1. e4 c5 2. Nf3 e6 3. c3 Nf6 4. e5 Nd5 5. d4 cxd4 6. cxd4 d6 7. Bc4 Nb6 8. Bd3
N8d7 9. exd6 Bxd6 10. O-O Nf6 11. Nc3 O-O 12. Qe2 Nbd5 13. Ne5 a6 14. a3 Re8
15. Qf3 Qc7 16. Re1 b5 17. Bg5 Bb7 18. Qh3 g6 19. Rac1 Qb6 20. Qh4 Be7 21. Nxd5
Nxd5 22. Nxf7 Bxg5 23. Nxg5 Re7 24. Re5 b4 25. a4 Rae8 26. Rce1 Qc6 27. Be4
Qxa4 28. Rxe6 Qd7 29. Rxe7 Rxe7 30. Rc1 Nf6 31. Bxb7 Qxb7 32. Qf4 Kg7 33. h3
Nd5 34. Qd6 Qd7 35. Rc6 a5 36. Nf3 Qxd6 37. Rxd6 Nf4 38. Ra6 Re2 39. Rxa5 Rxb2
40. Ra7+ Kg8 41. Kh2 b3 42. Kg3 Nd3 43. d5 Nxf2 44. Re7 Kf8 45. d6 Nd3 46. Ng5
Nc5 47. Nxh7+ Kg8 48. d7 Rd2 49. Re8+ Kxh7 50. d8=Q Ne4+ 51. Kf4 Rxd8 52. Rxd8
b2 53. Rb8 Nc5 54. Ke3 Na4 55. Kd3 Kh6 56. Kc2 Kg5 57. Rb4 1-0

[Event "European Club Cup 2006"]
[Site "Fuegen AUT"]
[Date "2006.10.08"]
[Round "1.97"]
[White "Horvath, Adam"]
[Black "Jones, Richard S"]
[Result "1/2-1/2"]
[WhiteElo "2495"]
[BlackElo "2354"]
[PlyCount "65"]
[EventDate "2006.10.08"]
[EventType "team"]
[EventRounds "7"]
[EventCountry "AUT"]
[Source "lmi"]
[SourceDate "2006.10.08"]

1. e4 c5 2. Nf3 d6 3. d4 cxd4 4. Nxd4 Nf6 5. Nc3 a6 6. Be3 e6 7. f3 b5 8. Qd2
b4 9. Na4 Nbd7 10. g4 h6 11. O-O-O Ne5 12. b3 Bd7 13. Nb2 d5 14. Bf4 Nxf3 15.
Nxf3 Nxe4 16. Qd4 f6 17. Bd3 Bc5 18. Bxe4 Bxd4 19. Bg6+ Kf8 20. Bd6+ Kg8 21.
Rxd4 Qb6 22. Bg3 Be8 23. Bd3 g6 24. Re1 Kg7 25. h4 g5 26. Na4 Bxa4 27. bxa4
Rhd8 28. a5 Qxa5 29. hxg5 hxg5 30. Rxe6 Re8 31. Rd6 Ra7 32. R4xd5 Qxa2 33. Nd4
1/2-1/2

[Event "European Club Cup 2006"]
[Site "Fuegen AUT"]
[Date "2006.10.08"]
[Round "1.100"]
[White "Cast, Abigail"]
[Black "Csiszar, Csaba"]
[Result "0-1"]
[WhiteElo "2101"]
[BlackElo "2440"]
[PlyCount "98"]
[EventDate "2006.10.08"]
[EventType "team"]
[EventRounds "7"]
[EventCountry "AUT"]
[Source "lmi"]
[SourceDate "2006.10.08"]

1. d4 Nf6 2. Nf3 e6 3. Bg5 c5 4. c3 Be7 5. e3 b6 6. Nbd2 Bb7 7. Bd3 cxd4 8.
exd4 d6 9. O-O Nbd7 10. Re1 O-O 11. a4 a6 12. Qe2 Re8 13. Bc4 h6 14. Bh4 Qc7
15. Bg3 Nf8 16. h3 Qc6 17. Bd3 Nd5 18. Rac1 Bg5 19. Be4 f5 20. Nxg5 hxg5 21. c4
fxe4 22. cxd5 Qxd5 23. Qc4 Rac8 24. Qxd5 exd5 25. Bxd6 Ne6 26. Nb3 a5 27. g3
Ba6 28. Be5 Bd3 29. Rxc8 Rxc8 30. Rc1 Rc2 31. Rxc2 Bxc2 32. Nd2 Bxa4 33. Nb1
Bb5 34. Nc3 Bc4 35. Na4 b5 36. Nc5 Nd8 37. Bc7 Nc6 38. b3 Be2 39. Bb6 Kf7 40.
Nb7 a4 41. bxa4 bxa4 42. Bc5 Ke6 43. g4 Ba6 44. Nd6 g6 45. Ne8 Bc4 46. Nc7+ Kd7
47. Na8 Bb3 48. Kf1 Kc8 49. Nb6+ Kc7 0-1

[Event "European Club Cup 2006"]
[Site "Fuegen AUT"]
[Date "2006.10.08"]
[Round "1.101"]
[White "Meszaros, Tamas"]
[Black "Saunders, Robert"]
[Result "1-0"]
[WhiteElo "2352"]
[BlackElo "2124"]
[PlyCount "43"]
[EventDate "2006.10.08"]
[EventType "team"]
[EventRounds "7"]
[EventCountry "AUT"]
[Source "lmi"]
[SourceDate "2006.10.08"]

1. e4 e5 2. Nf3 Nf6 3. Nc3 Nc6 4. d4 exd4 5. Nxd4 Bb4 6. Nxc6 bxc6 7. Bd3 d6 8.
O-O Bg4 9. Qe1 Qe7 10. a3 Ba5 11. b4 Bb6 12. Na4 Bd7 13. Bb2 O-O-O 14. c4 Rde8
15. c5 dxc5 16. bxc5 Bxc5 17. Qa5 Nxe4 18. Bxe4 Bxf2+ 19. Rxf2 Qxe4 20. Nc5 Qc4
21. Qxa7 Kd8 22. Rd1 1-0

[Event "European Club Cup 2006"]
[Site "Fuegen AUT"]
[Date "2006.10.08"]
[Round "1.103"]
[White "Greet, Andrew"]
[Black "Keogh, Eamon"]
[Result "1-0"]
[WhiteElo "2439"]
[BlackElo "2093"]
[PlyCount "55"]
[EventDate "2006.10.08"]
[EventType "team"]
[EventRounds "7"]
[EventCountry "AUT"]
[Source "lmi"]
[SourceDate "2006.10.08"]

1. e4 e5 2. Nf3 d6 3. d4 exd4 4. Nxd4 Nf6 5. Nc3 Be7 6. g3 Nc6 7. Bg2 Nxd4 8.
Qxd4 h5 9. h3 O-O 10. O-O Bd7 11. b3 Qc8 12. Kh2 h4 13. g4 Bxg4 14. hxg4 Nxg4+
15. Kg1 Bf6 16. Qd3 Ne5 17. Qe3 Ng4 18. Qh3 Be5 19. Nd5 Re8 20. Rb1 f5 21. exf5
Qxf5 22. Nxc7 Qxc2 23. Bd5+ Kf8 24. Nxa8 Nf6 25. Bc4 Qg6+ 26. Kh1 Qe4+ 27. f3
Qxb1 28. Nc7 1-0

[Event "European Club Cup 2006"]
[Site "Fuegen AUT"]
[Date "2006.10.08"]
[Round "1.107"]
[White "Fejzullahu, Afrim"]
[Black "Likavsky, Tomas"]
[Result "0-1"]
[WhiteElo "2305"]
[BlackElo "2480"]
[PlyCount "104"]
[EventDate "2006.10.08"]
[EventType "team"]
[EventRounds "7"]
[EventCountry "AUT"]
[Source "lmi"]
[SourceDate "2006.10.08"]

1. d4 Nf6 2. c4 g6 3. Nc3 d5 4. cxd5 Nxd5 5. Bd2 Nb6 6. e3 Bg7 7. Nf3 O-O 8.
Be2 N8d7 9. Rc1 c5 10. Ne4 cxd4 11. exd4 Nd5 12. O-O N7f6 13. Nc3 Bg4 14. h3
Be6 15. Ne5 Nxc3 16. Bxc3 Bh6 17. Ra1 Ne4 18. Bf3 Nxc3 19. bxc3 Bd5 20. Ng4 Bg7
21. Ne3 Bxf3 22. Qxf3 Qd7 23. Rfd1 Rac8 24. Rab1 b6 25. Rb3 Rc6 26. Qe4 Rfc8
27. Qd3 R6c7 28. Rd2 Qa4 29. Kf1 Qa5 30. Rc2 e6 31. Kg1 Rd8 32. Qe2 Qa4 33. Rb4
Qd7 34. Rc4 Rb7 35. Qf3 b5 36. Rb4 a5 37. Rb1 Rc7 38. Qe2 Rb8 39. Qd3 Qc6 40.
Kf1 Bf8 41. a4 Rcb7 42. axb5 Rxb5 43. Rxb5 Rxb5 44. c4 Rb1+ 45. Ke2 Bb4 46. f3
Qc7 47. Kf2 Be1+ 48. Ke2 Qg3 49. Qa3 Bb4 50. Qa4 Qe1+ 51. Kd3 Ra1 52. Qe8+ Kg7
0-1

[Event "European Club Cup 2006"]
[Site "Fuegen AUT"]
[Date "2006.10.08"]
[Round "1.108"]
[White "Kalod, Radek"]
[Black "Idrizaj, Abedin"]
[Result "1-0"]
[WhiteElo "2484"]
[BlackElo "2249"]
[PlyCount "129"]
[EventDate "2006.10.08"]
[EventType "team"]
[EventRounds "7"]
[EventCountry "AUT"]
[Source "lmi"]
[SourceDate "2006.10.08"]

1. Nf3 Nf6 2. c4 c5 3. Nc3 g6 4. d4 cxd4 5. Nxd4 Nc6 6. e4 d6 7. Nc2 Bg7 8. Be2
O-O 9. O-O Nd7 10. Bd2 a5 11. Rc1 Nc5 12. f3 f5 13. exf5 Bxf5 14. Ne3 Nd4 15.
Nxf5 Nxf5 16. Kh1 e6 17. b3 Qe7 18. g3 Rad8 19. Ne4 b6 20. Bg5 Qd7 21. Nxc5
bxc5 22. Bxd8 Rxd8 23. Qd3 Bd4 24. Bd1 Qg7 25. Bc2 Qh6 26. f4 Ne3 27. Rf3 Ng4
28. Qe2 Re8 29. Re1 Qh5 30. Be4 Kg7 31. Rff1 Nf6 32. Qxh5 Nxh5 33. Re2 Nf6 34.
Bf3 Re7 35. Rfe1 Kf7 36. Kg2 Bc3 37. Rd1 Bd4 38. g4 Nd7 39. h4 h6 40. Rh1 e5
41. g5 exf4 42. Rxe7+ Kxe7 43. gxh6 Nf6 44. Bd5 Ng4 45. Kf3 Nxh6 46. Kxf4 Kf6
47. Be4 Be5+ 48. Kf3 Ng8 49. h5 gxh5 50. Rxh5 Bc3 51. Bh7 Ne7 52. Ke4 Ke6 53.
Bf5+ Kf7 54. Rh6 Bf6 55. Bd7 Kg7 56. Rh1 Be5 57. Rf1 Bd4 58. Be6 Bf6 59. Rf2
Kg6 60. Rf1 Kg7 61. Rg1+ Kf8 62. Kf4 Be5+ 63. Kg5 Kg7 64. Rf1 Nc6 65. Rf7+ 1-0